Birds we know / (Record no. 104269)
[ view plain ]
| 000 -LEADER | |
|---|---|
| fixed length control field | 00635nam a2200205 a 4500 |
| 005 - DATE AND TIME OF LATEST TRANSACTION | |
| control field | 20140412111317.0 |
| 008 - FIXED-LENGTH DATA ELEMENTS--GENERAL INFORMATION | |
| fixed length control field | 010417s19uu xx 00 eng d |
| 020 ## - INTERNATIONAL STANDARD BOOK NUMBER | |
| International Standard Book Number | 0-516-41609-X |
| 050 ## - LIBRARY OF CONGRESS CALL NUMBER | |
| Classification number | M 598 |
| Item number | F917 1981 |
| 100 ## - MAIN ENTRY--PERSONAL NAME | |
| Personal name | Friskey, Margaret |
| 245 ## - TITLE STATEMENT | |
| Title | Birds we know / |
| Statement of responsibility, etc | by Margaret Friskey. |
| 260 ## - PUBLICATION, DISTRIBUTION, ETC. (IMPRINT) | |
| Place of publication, distribution, etc | Chicago : |
| Name of publisher, distributor, etc | Childrens Press, |
| Date of publication, distribution, etc | 1981. |
| 300 ## - PHYSICAL DESCRIPTION | |
| Extent | 48p. ; ill. |
| 440 ## - SERIES STATEMENT/ADDED ENTRY--TITLE | |
| Title | A New True Book |
| 500 ## - GENERAL NOTE | |
| General note | Inlcudes index. |
| 520 ## - SUMMARY, ETC. | |
| Summary, etc | An elementary introduction to different kinds of birds and some of their more interesting behavior. |
| 650 ## - SUBJECT ADDED ENTRY--TOPICAL TERM | |
| Topical term or geographic name as entry element | Birds-Juvenile literature |
| 650 ## - SUBJECT ADDED ENTRY--TOPICAL TERM | |
| Topical term or geographic name as entry element | Birds |
| Withdrawn status | Lost status | Damaged status | Use restrictions | Home library | Current library | Shelving location | Date acquired | Source of acquisition | Total Checkouts | Full call number | Barcode | Date last seen | Price effective from | Koha item type |
|---|---|---|---|---|---|---|---|---|---|---|---|---|---|---|
| Elizalde Library | Elizalde Library | Main Section | 04/17/2001 | M 598 F917 1981 | E7239 | 04/12/2014 | 04/12/2014 | Books |